| 000 | 01439nac a22003851u 4500 | ||
|---|---|---|---|
| 003 | EG-ScBUE | ||
| 005 | 20220315102919.0 | ||
| 008 | 200219s1990 enka f 000 1 eng d | ||
| 020 | _a9780330314978 | ||
| 020 | _a0330314971 | ||
| 040 |
_aEG-ScBUE _beng _erda _cEG-ScBUE _dEG-ScBUE |
||
| 041 | 1 |
_aeng _hita |
|
| 082 | 0 | 4 |
_a853.914 _bECO _222 |
| 100 | 1 |
_aEco, Umberto, _eauthor. |
|
| 245 | 1 | 0 |
_aFoucault's pendulum / _cUmberto Eco ; translated from the Italian by William Weaver. |
| 264 | 1 |
_aLondon : _bPicador, _c1990. |
|
| 300 |
_a641 pages : _billustrations ; _c24 cm |
||
| 336 |
_2rdacontent _atext _btxt |
||
| 337 |
_2rdamedia _aunmediated _bn |
||
| 338 |
_2rdacarrier _avolume _bnc |
||
| 546 | _aText in English ; translated from the original Italian. | ||
| 650 | 7 |
_aVoodooism _xFiction. _2BUEsh |
|
| 650 | 7 |
_aReligions _xFiction. _2BUEsh |
|
| 650 | 7 |
_aIdolatry _xFiction. _2BUEsh |
|
| 650 | 7 |
_aFoucault's pendulum _xFiction. _2BUEsh |
|
| 650 | 7 |
_aAlchemists _xFiction. _2BUEsh |
|
| 650 | 7 |
_aThought and thinking _xFiction. _2BUEsh |
|
| 651 | _2BUEsh | ||
| 653 |
_bHHUUEENN _cMarch2022 |
||
| 655 | 7 |
_aOccult fiction. _vReading book |
|
| 856 | 4 | 2 |
_3Publisher description _uhttp://www.loc.gov/catdir/description/har041/89032212.html |
| 856 | 4 | 2 |
_3Contributor biographical information _uhttp://www.loc.gov/catdir/enhancements/fy0733/89032212-b.html |
| 942 |
_cBB _k853.914 ECO _2ddc |
||
| 999 |
_c9582 _d9582 |
||